000 01149nam2a22002651 4500
001 rc\4928512
005 20250613042306.0
021 _aRU
_b[64-67730]
035 _a(NLR Aleph) 008944539
090 _a8965588
_c8965588
100 _a20130426d1964 |||y0rusy50 ca
101 0 _arus
102 _aRU
105 _aa z |||||
200 0 _aВып. 3
_f[Лит. переложение Н.А. Сердобова
_gСост. А.К. Калзан]
210 _d1964
_aБ. м.
215 _a147 с.
_cил.
461 0 _1001rc\4928510
_12001#$aТувинские народные сказки$fТувин. науч.-исслед. ин-т языка, литературы и истории$vВып. 3
_98965577
_cКызыл
_d1958
_fТувин. науч.-исслед. ин-т языка, литературы и истории
_nТувкнигоиздат
_tТувинские народные сказки
_vВып. 3
702 1 _aКалзан
_bА.К.
_4220
702 1 _aСердобов
_bН.А.
_gНиколай Алексеевич
_4570
801 0 _aRU
_bNLR
_gpsbo
801 1 _aRU
_bELAR
_2rusmarc
852 _aNLR
_j59-5/1423
942 _cBOOK
980 _aNB